Implantación del cep (control estadistico del proceso) para los componentes mas producidos en el departamento de moldeo / Jhayr Guerrero P‚rez (Registro nro. 17921)
[ vista simple ]
| 000 -LÍDER | |
|---|---|
| fixed length control field | 00594nam a2200133 4500 |
| 008 - ELEMENTOS DE LONGITUD FIJA -- INFORMACIÓN GENERAL | |
| fixed length control field | 02004 2004 0a 000 0mex |
| 050 ## - SIGNATURA TOPOGRAFICA DE LA BIBLIOTECA DEL CONGRESO (LC) | |
| Número de Clasificación | T56.42 MR5 G8 2004 |
| 082 ## - NUMERO DE CLASIFICACION DECIMAL DEWEY | |
| Número de Clasificación | 568.53 G8i |
| 100 ## - ASIENTO PRINCIPAL--NOMBRE PERSONAL | |
| Nombre personal | Guerrero P‚rez, Jhayr |
| 245 ## - TÍTULO | |
| Título | Implantación del cep (control estadistico del proceso) para los componentes mas producidos en el departamento de moldeo / Jhayr Guerrero P‚rez |
| 300 ## - DESCRIPCIÓN FÍSICA | |
| Extensión | 80 p. / 29 cm. |
| 502 ## - NOTA DE TESIS | |
| Nota de tesis | Memoria de residencia profesional. Opción. X. I.T.Z. (Industrial) Ing. Mónica Campos Álvarez |
| 650 ## - ASIENTO SECUNDARIO DE MATERIA - TERMINO TEMÁTICO | |
| Término temático o nombre geográfico como elemento de entrada | 1.CONTROL DE CALIDAD \ 2.CONTROL ESTADISTICO DEL PROCESO |
| No. biblioteca | No. biblioteca | Número de clasificación | Código de barras/Número de adquisición | Número de copia | Tipo de material |
|---|---|---|---|---|---|
| TESIS INDUSTRIAL | TESIS INDUSTRIAL | 568.53 G8i | I55-2004 | 1 | Tesis |
